LEADER 01000nam a2200229 i 4500 001 000000258589 003 CaOOAMICUS 005 20180521000000.0 008 180521s1836 it u000 u eng u 013 $a237497 040 $aSeMil$bita 100 1 $aIrving, Washington <1783-1859>.$0(OLS)http://semarc/name/89610 245 10$aAstoria; or Enterprise beyond the Rocky Mountains /$cby Washington Irving. 260 $aParis :$bBaudry's European Library,$c1836. 300 $aXVI, 336 p. ;$c22 cm. 490 0 $aCollection of ancient and modern British authors ;$v146 830 0$aCollection of ancient and modern British authors ;$v146.$0(OLS)http://semarc/title/34923 850 $aSeMil 852 $aSeMil$W1$xVenegono$y1$m3W IV 34 FA$j208935$B208935$CSeMilBibl$Z2$F222651 $8I 961 $aRecupero: Altro 996 $6245$aAstoria; or Enterprise beyond the Rocky Mountains$9(OLS)http://semarc/title/413521 996 $6260$aParis :$bBaudry's European Library$9(OLS)http://semarc/publisher/30968 LEADER 01824nam a2200289 i 4500 001 000000000759 003 CaOOAMICUS 005 20210520114400.0 008 180830s1730 it u000 u lat u 040 $aSeMil$bita 100 1 $aThomassin, Louis ,$d<1619-1695>.$0(OLS)http://semarc/name/606 245 10$aDogmatum theologicorum de incarnatione verbi Dei. Tomus 1. [-3.]. Authore Ludovico Thomassino .. 246 0 $aDogmatum theologicorum tomi tres. 1. De incarnatione verbi, 2. De Deo, & Dei proprietatibus, 3. De Deo, & Christo residuos tractatus complectens 250 $aEditio Veneta, cui accedunt in calce tomi tertii Dissertationes in concilia tum generalia, tum particularia ejusdem authoris. 260 $aVenetiis :$bEx Typographia Balleoniana,$c1730. 300 $a3 v. ;$cfol. 500 $aTesto su due colonne. - Marca non controllata sul front. 650 4$aCristologia - De Verbo Incarnato.$0(OLS)http://semarc/subject/196 650 4$aTeologia - Testi - Sec. 18.$0(OLS)http://semarc/subject/197 700 1 $aBaglioni,$c.$0(OLS)http://semarc/name/475 774 0 $t[De Incarnatione Verbi].$g1$w()48637 774 0 $tDogmatum theologicorum de Deo, deique proprietatibus.$g2$w()217887 774 0 $tDogmatum theologicorum tomus tertius, & ultimus, quo reliqui tractatus theologici continentur.$g3$w()217886 996 $6245$aDogmatum theologicorum de incarnatione verbi Dei. Tomus 1. [-3.]. Authore Ludovico Thomassino ..$9(OLS)http://semarc/title/1132 996 $6246$aDogmatum theologicorum tomi tres. 1. De incarnatione verbi, 2. De Deo, & Dei proprietatibus, 3. De Deo, & Christo residuos tractatus complectens$9(OLS)http://semarc/title/1133 996 $6260$aVenetiis :$bEx Typographia Balleoniana$9(OLS)http://semarc/publisher/29933